000
00210nam a2200085Ia 4500
245
0
_a
Rainmaker
100
_a
PINNOCK, Don Auckland Park, 2010
942
_c
BK
008
210817s9999 xx 000 0 und d
999
_c
258631
_d
258630